00481nam a2200205Ia 4500008004100000020001800041050001400059100002200073245002500095245002500120260001500145260001600160260000900176300001600185300002600201300001000227300002300237440000700260500000800267170918s9999 xx 000 0 und d a9780545103749 bS857 2007 aStilton, Geronimo 4aThe haunted castle / cby Geronimo Stilton. aNew York : bScholastic, c2007 a109 pages : bcolor illustrations ; c19cm. eGeronimo Stilton ; a46 a680